000 01733nam a2200529 i 4500
001 35792
003 KOSZ 005
005 20200210135659.0
008 000428s1998 pl a f f |001 0 pol
015 _aPB 2002/3552
020 _a8387150606
035 _a991013835259705066
035 _a(PL-WaBN)b13722402-48omnis_nlop
035 _ab13722402
035 _a(OCoLC)750503856
035 _a(PL)b0000001372240
035 _a(EXLNZ-48OMNIS_NETWORK)9910070973105606
040 _aWA N
_cWA N
_dKOSZ 005/HR
041 1 _apol
_heng
080 _a004.451
080 _a004.057.4
080 _a(07)
100 1 _aSiyan, Karanjit
_d(1954- )
_eAutor
245 1 0 _aWindows NT TCP/IP /
_cKaranjit S. Siyan ; [przekł. Grzegorz Werner].
260 _aWrocław :
_b"Robomatic",
_ccop. 1998.
300 _a[4], VII, [1], 495 s. :
_bil. ;
_c25 cm.
336 _2rdacontent
_aTekst
_btxt
337 _2rdamedia
_aBez urządzenia pośredniczacego
_bn
338 _2rdacarrier
_aWolumin
_bnc
380 _aKsiążki
380 _aPublikacje fachowe
388 _a1901-2000
388 _a1989-2000
490 1 _aBiblioteka Problemów ;
_v1
500 _aTyt. oryg.: "Windows NT TCP/IP" 1998.
504 _aIndeks.
650 7 _aSystemy operacyjne sieciowe
_2DBN
650 7 _aTCP/IP (protokół)
_2DBN
650 7 _aWindows NT
_2DBN
655 7 _aPodręcznik
_2DBN
658 _aInformatyka i technologie informacyjne
700 1 _aWerner, Grzegorz
_eTłumaczenie
830 0 _aBiblioteka Problemów - Robomatic
_v1
856 _uhttp://koha.tu.koszalin.pl/cgi-bin/koha/opac-detail.pl?biblionumber=35792
_yKatalog online BPK
942 _2UKD
_cKS
999 _c35792
_d35792